| 000 | 00658nam a2200205 a 4500 | ||
|---|---|---|---|
| 005 | 20220811064048.0 | ||
| 008 | 060503s1996 mx r 000 0 spa d | ||
| 020 | _a9688808008 | ||
| 035 | _aUPN01000144161 | ||
| 049 | _aCG | ||
| 050 | 4 |
_aQP360 _bC3.3 1996 |
|
| 100 | 1 |
_aCarlson, Neil R., _d1942- _937357 |
|
| 245 | 1 | 0 |
_aFundamentos de psicología fisiológica / _cNeil R. Carlson ; tr. Jorge A. Barrientos Silva. |
| 250 | _a3a ed. | ||
| 260 |
_aMéxico : _bPrentice-Hall Hispanoamericana, _c1996. |
||
| 300 | _axviii, 564 p. | ||
| 534 |
_pTraduccción de: _tFoundations of physiological psychology |
||
| 650 | 4 |
_aPsicofisiología _9452 |
|
| 905 | _aLibro | ||
| 999 |
_c116308 _d116308 |
||